| 000 | 00353nam a2200133Ia 4500 | ||
|---|---|---|---|
| 008 | 240624s9999 xx 000 0 und d | ||
| 041 | _aeng | ||
| 082 | _a669.2922 MAR | ||
| 100 | _aMARTIN RICHARD | ||
| 245 | _aSUPERFUEL THORIUM THE GREEN ENERGY SOURC | ||
| 260 |
_c2012 _aNew York _bPalgrave Macmillan |
||
| 300 | _a262 : p. : cm. ; 24 | ||
| 365 |
_c _b50 |
||
| 999 |
_c27318 _d27318 |
||